01264nam a2200253 a 4500001001000000005001700010008004100027041000800068044000700076084002100083100004500104245010500149260003800254300001600292500022400308500008600532500014600618500000900764650005200773650005600825650003400881650004500915740005000960BRCA_244620190320203819.0181108s1808----sp-#---###---#000-0#spa-u aspa asp a086b.S547c18081 aCervantes Saavedra, Miguel ded1547-161610aHistoria del Ingenioso Hidalgo Don Quixote de la Manchaccompuesto por Miguel de Cervantes Saavedra. aBarcelonabSierra y Martíc1808 a6 v.c15 cm aContenido : v 1. Primera parte. Dedicatoria de Cide Hamete Benengeli a D. Quijote. Versos preliminares. Prólogo del autor. Texto. -- v 2. Texto. -- v 3. Texto. -- v 4 Segunda parte. Texto. -- v 5. Texto. -- v 6. Texto aEstado físico : Los volúmenes 1, 2 y 3 la encuadernación está deteriorada aEdición de surtido, basada en la de Vega de 1804, bien impresa y sobre buen papel. Suprime ambas dedicatorias cervantinas Lúdovick Osterc aQM6814aNovela españolayÉpoca clásica, 1500-170014aLiteratura españolayÉpoca clásica, 1500-170014aNovela españolaySiglo XVII14aDon Quijote (Personaje ficticio)eNovela0 aEl Ingenioso Hidalgo Don Quijote de la Mancha